| 000 | nam a22 7a 4500 | ||
|---|---|---|---|
| 999 |
_c17539 _d17537 |
||
| 001 | 4558 | ||
| 003 | OSt | ||
| 005 | 20211024155042.0 | ||
| 008 | 211024b xxu||||| |||| 00| 0 eng d | ||
| 020 | _a0000 | ||
| 040 | _cDDC | ||
| 082 | _aR/301. 4492 | ||
| 100 | _4T. B. Bottomore | ||
| 245 |
_aElites & Society _cT.B. Bottomore |
||
| 260 |
_aEngland _bPengiun Books _c1964 |
||
| 300 |
_a160 P, : _c21 cm |
||
| 942 |
_2ddc _cBK |
||